Strategic marketing problems : cases comments

Bibliographic Details
Main Author: Kerin, Roger A
Format: Book
Published: s.l : Ginn Press , 1990
Subjects:

MARC

LEADER 00000cam a2200000 7i4500
001 0000004688
002 000005056
005 20000330.0
020 |a 0536581088 
090 0 0 |a 658.8   |b KER 
100 1 |a Kerin, Roger A 
245 1 0 |a Strategic marketing problems :   |b cases comments   |c Roger A Kerin and Robert A.Peterson 
260 |a s.l :   |b Ginn Press ,   |c 1990 
300 |a 117p. ;   |c 27cm. 
650 0 0 |a Marketing   |x Decision making   |x Case studies 
999 |a 037440   |b BUKU   |c PINJAMAN   |e PERPUSTAKAAN KOMUNITI PETALING JAYA